| 000 | 01084nas a2200301 4500 | ||
|---|---|---|---|
| 001 | BR8101970 | ||
| 003 | BR-BrBNA | ||
| 005 | 20231205084618.0 | ||
| 007 | ta | ||
| 008 | 230509b bl.|||p| |||| 00| 00por d | ||
| 040 |
_aBR-BrBNA _bpor _cBiblioteca Nacional de Agricultura |
||
| 041 | _a(Pt) | ||
| 072 | _aL73; L72 | ||
| 100 | 1 | _aBarcellos, A.R. | |
| 100 | 1 | _aBressan, A.C. da S. | |
| 100 | 1 | _aSantos, A.F. dos | |
| 245 | 1 | _aComprovacao radiologica da hidatidose pulmonar em ovino em Santa Maria, Rio Grande do Sul [Echinococcus granulosus; Ovis aries; Brasil] | |
| 246 | 1 | _aRadiologic comprovation of pulmonary hydatidosis in the sheep, in Santa Maria, Rio Grande do Sul [Echinococcus granulosus; Ovis aries; Brazil] | |
| 650 | _aDoenca animal | ||
| 650 | _aPraga de animal | ||
| 650 | _aOvino | ||
| 650 | _aHidatidose | ||
| 650 | _aPulmao | ||
| 650 | _aRio Grande do Sul | ||
| 773 | 0 |
_tRevista do Centro de Ciencias Rurais (Brazil) _xISSN 0085-5901 _g(Sep 1980), v. 10(3) p. 225-230 _wBR8101970 |
|
| 909 |
_a202311 _bLúcia _c55 _dLúcia Elande |
||
| 942 |
_2AGRIS _n0 _cANA |
||
| 999 |
_c106249 _d106249 |
||